[Event "CAN-op (Pinnacle 48th CAN Op Ch)"]
[Site "Toronto CAN"]
[Date "2011.07.13"]
[Round "5"]
[White "Renteria, Rolando"]
[Black "Willis, Bradley"]
[Result "1-0"]
[WhiteElo "2346"]
[BlackElo "2094"]
[PlyCount "77"]
[GameId "2160767909707275"]
[EventDate "2011.07.09"]
[EventType "swiss"]
[EventRounds "9"]
[EventCountry "CAN"]
[SourceTitle "hb 2011"]

1. e4 e5 2. Nf3 Nc6 3. d4 exd4 4. Bc4 Nf6 5. e5 d5 6. Bb5 Ne4 7. Nxd4 Bd7 8. Bxc6 bxc6 9. O-O g6 10. f3 Nc5 11. f4 Bg7 12. b3 O-O 13. Ba3 Ne4 14. Bxf8 Qxf8 15. Nd2 Nc3 16. Qe1 Qc5 17. N2f3 Re8 18. Kh1 Ne4 19. c4 f6 20. cxd5 fxe5 21. dxc6 Bf5 22. Rc1 Qd5 23. fxe5 Bxe5 24. Rd1 Bd6 25. Qh4 Be7 26. Nxf5 Qxf5 27. Qe1 Bd6 28. Rxd6 Nxd6 29. Qf2 Qb5 30. Rc1 Qb6 31. Qh4 Re4 32. Qd8+ Re8 33. Qh4 Re4 34. Qf6 Qe3 35. Rf1 Ne8 36. Qd8 Qc5 37. Ng5 Re2 38. Qd7 Re7 39. Ne6 1-0

[Event "CAN-op (Pinnacle 48th CAN Op Ch)"]
[Site "Toronto CAN"]
[Date "2011.07.13"]
[Round "5"]
[White "Reshef, Omer"]
[Black "Puri, Vinny"]
[Result "1-0"]
[WhiteElo "2145"]
[BlackElo "2256"]
[PlyCount "53"]
[GameId "2160767909707276"]
[EventDate "2011.07.09"]
[EventType "swiss"]
[EventRounds "9"]
[EventCountry "CAN"]
[SourceTitle "CBM 143 Extra"]
[Source "ChessBase"]
[SourceDate "2011.08.29"]
[SourceVersion "1"]
[SourceVersionDate "2011.08.29"]
[SourceQuality "1"]

1. e4 e5 2. Nf3 Nc6 3. Nc3 Nf6 4. Bb5 Bb4 5. O-O O-O 6. d3 d6 7. Bg5 Bxc3 8. bxc3 Qe7 9. Re1 Nd8 10. d4 Ne6 11. Bc1 Rd8 12. Nh4 c6 13. Nf5 Qc7 14. Bd3 Nf4 15. Bxf4 exf4 16. Qf3 Bxf5 17. exf5 d5 18. Re5 Nd7 19. Re2 b5 20. Rae1 Kf8 21. Re7 Re8 22. f6 gxf6 23. Rxf7+ Kxf7 24. Qh5+ Kf8 25. Qh6+ Kf7 26. Qxh7+ Kf8 27. Qh6+ 1-0

[Event "CAN-op (Pinnacle 48th CAN Op Ch)"]
[Site "Toronto CAN"]
[Date "2011.07.13"]
[Round "5"]
[White "Sapozhnikov, Roman"]
[Black "Demmery, Steve"]
[Result "1-0"]
[WhiteElo "2295"]
[BlackElo "2092"]
[PlyCount "61"]
[GameId "2160767909707279"]
[EventDate "2011.07.09"]
[EventType "swiss"]
[EventRounds "9"]
[EventCountry "CAN"]
[SourceTitle "CBM 143 Extra"]
[Source "ChessBase"]
[SourceDate "2011.08.29"]
[SourceVersion "1"]
[SourceVersionDate "2011.08.29"]
[SourceQuality "1"]

1. e4 c6 2. d4 d5 3. e5 Bf5 4. h4 Na6 5. g4 Be6 6. Nh3 h5 7. gxh5 Bxh3 8. Rxh3 e6 9. c3 Be7 10. Qg4 Bf8 11. Bd3 Nc7 12. Bg5 f6 13. exf6 gxf6 14. Bf4 Kd7 15. Re3 Bd6 16. Bxd6 Kxd6 17. Nd2 Ne7 18. O-O-O Qf8 19. Rde1 f5 20. Qf4+ Kd7 21. Nf3 Rxh5 22. Ne5+ Kc8 23. Rg1 b6 24. Reg3 Rh7 25. Nxc6 Kb7 26. Ne5 Qh6 27. Qxh6 Rxh6 28. Rg7 Nc8 29. Bb5 Rb8 30. Rxc7+ Kxc7 31. Rg7+ 1-0

[Event "CAN-op (Pinnacle 48th CAN Op Ch)"]
[Site "Toronto CAN"]
[Date "2011.07.13"]
[Round "5"]
[White "Shebetah, Wajdy"]
[Black "Bzikot, Robert"]
[Result "1-0"]
[WhiteElo "2194"]
[BlackElo "2004"]
[PlyCount "81"]
[GameId "2160767909707280"]
[EventDate "2011.07.09"]
[EventType "swiss"]
[EventRounds "9"]
[EventCountry "CAN"]
[SourceTitle "hb 2011"]

1. e4 d6 2. d4 Nf6 3. Nc3 g6 4. Bc4 Bg7 5. Qe2 O-O 6. Nf3 Bg4 7. e5 Nfd7 8. e6 fxe6 9. Bxe6+ Bxe6 10. Qxe6+ Kh8 11. Ng5 Bxd4 12. Nf7+ Rxf7 13. Qxf7 e5 14. Bh6 Qg8 15. Qxg8+ Kxg8 16. Nd5 Na6 17. c3 Bb6 18. b4 c6 19. Nxb6 Nxb6 20. O-O-O d5 21. h4 Nc7 22. h5 Nb5 23. hxg6 hxg6 24. Rh3 a5 25. Be3 Nc4 26. Rdh1 Kg7 27. Bg5 Kf7 28. Rf3+ Kg7 29. a4 axb4 30. Bf6+ Kf7 31. Rh7+ Ke6 32. Bg5 d4 33. Re7+ Kd5 34. cxb4 Rxa4 35. Rb3 e4 36. g4 d3 37. Bf6 Ra2 38. f3 d2+ 39. Kd1 Nd4 40. Bxd4 Kxd4 41. Rxe4+ 1-0

[Event "CAN-op (Pinnacle 48th CAN Op Ch)"]
[Site "Toronto CAN"]
[Date "2011.07.13"]
[Round "5"]
[White "Sohal, Tanraj"]
[Black "Back, Jeff"]
[Result "1-0"]
[WhiteElo "2177"]
[BlackElo "2053"]
[PlyCount "63"]
[GameId "2160767909707281"]
[EventDate "2011.07.09"]
[EventType "swiss"]
[EventRounds "9"]
[EventCountry "CAN"]
[SourceTitle "hb 2011"]

1. d4 d5 2. c4 Nc6 3. e3 e5 4. dxe5 d4 5. exd4 Qxd4 6. Qxd4 Nxd4 7. Bd3 Be6 8. Be3 O-O-O 9. Bxd4 Rxd4 10. Ke2 Bxc4 11. Bxc4 Rxc4 12. Nd2 Rd4 13. Ngf3 Rd7 14. Ne4 Nh6 15. Rhd1 Be7 16. Rxd7 Kxd7 17. h3 Re8 18. Nd4 a6 19. Rd1 Kc8 20. f4 g5 21. g3 gxf4 22. gxf4 c5 23. Rc1 Kb8 24. Nxc5 Rd8 25. Ke3 Ka7 26. Ne4 Kb8 27. a3 Bf8 28. Ng5 f6 29. Nxh7 fxe5 30. fxe5 Nf7 31. Nxf8 Rxf8 32. Rf1 1-0

[Event "CAN-op (Pinnacle 48th CAN Op Ch)"]
[Site "Toronto CAN"]
[Date "2011.07.13"]
[Round "5"]
[White "Yun, Chang"]
[Black "Sakka, Louay"]
[Result "1-0"]
[WhiteElo "1572"]
[BlackElo "1643"]
[PlyCount "47"]
[GameId "2160767909707286"]
[EventDate "2011.07.09"]
[EventType "swiss"]
[EventRounds "9"]
[EventCountry "CAN"]
[SourceTitle "hb 2011"]

1. e4 g6 2. d4 Bg7 3. Nc3 d6 4. Be3 e6 5. f3 Ne7 6. Qd2 Nbc6 7. Be2 f5 8. O-O-O b6 9. h4 h6 10. g4 fxg4 11. fxg4 Bb7 12. Nh3 Qd7 13. d5 Ne5 14. Nf4 exd5 15. exd5 O-O-O 16. Ne6 Nxd5 17. Nxd8 Nxe3 18. Nxb7 Nxd1 19. Ba6 Kb8 20. Rxd1 Nxg4 21. Qg2 Ne3 22. Nc5 Nxg2 23. Nxd7+ Ka8 24. Nd5 1-0

[Event "CAN-op (Pinnacle 48th CAN Op Ch)"]
[Site "Toronto CAN"]
[Date "2011.07.13"]
[Round "5"]
[White "Zotkin, Daniel"]
[Black "Fan, Brendan"]
[Result "0-1"]
[WhiteElo "1598"]
[BlackElo "2097"]
[PlyCount "58"]
[GameId "2160767909707287"]
[EventDate "2011.07.09"]
[EventType "swiss"]
[EventRounds "9"]
[EventCountry "CAN"]
[SourceTitle "hb 2011"]

1. d4 Nf6 2. Nf3 e6 3. Bg5 d5 4. Nbd2 Be7 5. e3 O-O 6. Bd3 c5 7. c3 b6 8. Ne5 Nfd7 9. Bxe7 Qxe7 10. h4 f5 11. Ndf3 Nxe5 12. Nxe5 Nd7 13. Nxd7 Bxd7 14. f4 b5 15. g4 Rf7 16. g5 Rff8 17. b3 Rfc8 18. Rc1 cxd4 19. exd4 Qa3 20. Rc2 a5 21. Qe2 a4 22. bxa4 Rxc3 23. Kd2 Rxc2+ 24. Bxc2 Qb4+ 25. Ke3 Rc8 26. Rd1 bxa4 27. Kf2 Qc3 28. Rd2 Qh3 29. Kg1 Qg3+ 0-1

[Event "CAN-op (Pinnacle 48th CAN Op Ch)"]
[Site "Toronto CAN"]
[Date "2011.07.14"]
[Round "6"]
[White "Acosta, Mariano"]
[Black "Dougherty, Michael"]
[Result "1-0"]
[WhiteElo "2118"]
[BlackElo "2314"]
[PlyCount "81"]
[GameId "2160767909707289"]
[EventDate "2011.07.09"]
[EventType "swiss"]
[EventRounds "9"]
[EventCountry "CAN"]
[SourceTitle "EXT 2022"]
[Source "ChessBase"]
[SourceDate "2021.10.06"]
[SourceVersion "1"]
[SourceVersionDate "2021.10.06"]
[SourceQuality "1"]

1. d4 g6 2. e4 Bg7 3. Nc3 c6 4. Nf3 d6 5. Be3 Nf6 6. Qd2 Qa5 7. h3 Nbd7 8. a3 e5 9. b4 Qc7 10. dxe5 dxe5 11. Bc4 O-O 12. Rd1 a5 13. O-O axb4 14. axb4 Ra3 15. Rfe1 Nh5 16. Bb3 Nf4 17. h4 Nb6 18. Bc5 Re8 19. b5 Rxb3 20. cxb3 Bg4 21. Bxb6 Qxb6 22. Qe3 Qa5 23. bxc6 bxc6 24. Ra1 Qb4 25. Nh2 Be6 26. g3 Qxb3 27. Rab1 Qc4 28. gxf4 exf4 29. Qxf4 Bxc3 30. Rec1 Qa2 31. Rb8 Rxb8 32. Qxb8+ Kg7 33. Nf3 Qa3 34. Qf4 c5 35. h5 gxh5 36. Qg5+ Kf8 37. Rd1 f6 38. Qh6+ Ke7 39. Qxh7+ Bf7 40. Qf5 Bb4 41. e5 1-0

[Event "CAN-op (Pinnacle 48th CAN Op Ch)"]
[Site "Toronto CAN"]
[Date "2011.07.14"]
[Round "6"]
[White "Aird, Ian"]
[Black "Coleman, Mike"]
[Result "0-1"]
[WhiteElo "1909"]
[BlackElo "2162"]
[PlyCount "42"]
[GameId "2160767909707290"]
[EventDate "2011.07.09"]
[EventType "swiss"]
[EventRounds "9"]
[EventCountry "CAN"]
[SourceTitle "hb 2011"]

1. e4 c5 2. Nf3 d6 3. Bb5+ Bd7 4. Bxd7+ Qxd7 5. c4 Qg4 6. Nc3 Qxg2 7. Rg1 Qh3 8. Rg3 Qd7 9. d4 cxd4 10. Nxd4 g6 11. Bg5 Bg7 12. Qd2 Nc6 13. Nc2 Nf6 14. O-O-O Ne5 15. Ne3 Rc8 16. b3 Nh5 17. f4 Nxg3 18. fxe5 Nh5 19. Ned5 Bxe5 20. Bxe7 b5 21. Bxd6 Bxd6 0-1

[Event "CAN-op (Pinnacle 48th CAN Op Ch)"]
[Site "Toronto CAN"]
[Date "2011.07.14"]
[Round "6"]
[White "Back, Jeff"]
[Black "Manalo, Pepin"]
[Result "1/2-1/2"]
[WhiteElo "2053"]
[BlackElo "1769"]
[PlyCount "108"]
[GameId "2160767909707292"]
[EventDate "2011.07.09"]
[EventType "swiss"]
[EventRounds "9"]
[EventCountry "CAN"]
[SourceTitle "hb 2011"]

1. d4 d5 2. Nc3 Nf6 3. Bg5 Nbd7 4. Nf3 h6 5. Bf4 c6 6. Qd3 g5 7. Bg3 Bg7 8. e4 Nxe4 9. Nxe4 dxe4 10. Qxe4 Qa5+ 11. c3 Nf6 12. Qc2 Bf5 13. Bd3 Bxd3 14. Qxd3 Nh5 15. Be5 Nf6 16. a4 O-O 17. O-O Rad8 18. b4 Qd5 19. Rfe1 Rfe8 20. c4 Qd7 21. Qc3 Qf5 22. Rad1 h5 23. Qd3 Qxd3 24. Rxd3 g4 25. Nd2 Kh7 26. Nf1 Kg6 27. Red1 e6 28. Ng3 Rd7 29. Ne2 Bf8 30. b5 cxb5 31. axb5 Ne4 32. Ra1 b6 33. Re3 f5 34. Nf4+ Kh6 35. Re2 Ng5 36. Rea2 Rc8 37. Ra4 h4 38. Kf1 Bg7 39. Nd3 Bxe5 40. Nxe5 Rxd4 41. Rxa7 Rc5 42. Nf7+ Nxf7 43. Rxf7 Rdxc4 44. Rf6+ Kg5 45. Rxe6 Rxb5 46. g3 hxg3 47. hxg3 f4 48. Ra6 f3 49. Kg1 Rc1+ 50. Kh2 Rbb1 51. Ra5+ bxa5 52. Re5+ Kf6 53. Re6+ Kf7 54. Re7+ Kxe7 1/2-1/2

[Event "CAN-op (Pinnacle 48th CAN Op Ch)"]
[Site "Toronto CAN"]
[Date "2011.07.14"]
[Round "6"]
[White "Barrios, Felix"]
[Black "Olheiser, Gordon"]
[Result "1/2-1/2"]
[WhiteElo "2202"]
[BlackElo "1926"]
[PlyCount "35"]
[GameId "2160767909707293"]
[EventDate "2011.07.09"]
[EventType "swiss"]
[EventRounds "9"]
[EventCountry "CAN"]
[SourceTitle "CBM 143 Extra"]
[Source "ChessBase"]
[SourceDate "2011.08.29"]
[SourceVersion "1"]
[SourceVersionDate "2011.08.29"]
[SourceQuality "1"]

1. d4 e6 2. Bf4 f5 3. e3 Nf6 4. Bd3 d5 5. Nf3 Bd6 6. O-O O-O 7. Nbd2 Ne4 8. Bxd6 Qxd6 9. c4 c6 10. c5 Qc7 11. b4 Nd7 12. Qc2 e5 13. Nxe5 Nxe5 14. dxe5 Qxe5 15. Nf3 Qe7 16. Rae1 g6 17. Nd4 Bd7 18. f3 1/2-1/2

[Event "CAN-op (Pinnacle 48th CAN Op Ch)"]
[Site "Toronto CAN"]
[Date "2011.07.14"]
[Round "6"]
[White "Baumgartner, Christopher"]
[Black "Orlova, Yelizaveta"]
[Result "1/2-1/2"]
[WhiteElo "1864"]
[BlackElo "1934"]
[PlyCount "33"]
[GameId "2160767909707294"]
[EventDate "2011.07.09"]
[EventType "swiss"]
[EventRounds "9"]
[EventCountry "CAN"]
[SourceTitle "CBM 143 Extra"]
[Source "ChessBase"]
[SourceDate "2011.08.29"]
[SourceVersion "1"]
[SourceVersionDate "2011.08.29"]
[SourceQuality "1"]

1. e4 b6 2. d4 Bb7 3. Nc3 e6 4. a3 Ne7 5. Nf3 g6 6. Be3 Bg7 7. Bd3 d6 8. Qd2 h6 9. Ne2 Nd7 10. Ng3 d5 11. e5 c5 12. c3 Qc7 13. h4 c4 14. Bc2 O-O-O 15. O-O-O Nc6 16. h5 g5 17. Nxg5 1/2-1/2

[Event "CAN-op (Pinnacle 48th CAN Op Ch)"]
[Site "Toronto CAN"]
[Date "2011.07.14"]
[Round "6"]
[White "Bzikot, Robert"]
[Black "Deline, Ralph"]
[Result "1-0"]
[WhiteElo "2004"]
[BlackElo "1828"]
[PlyCount "99"]
[GameId "2160767909707295"]
[EventDate "2011.07.09"]
[EventType "swiss"]
[EventRounds "9"]
[EventCountry "CAN"]
[SourceTitle "hb 2011"]

1. e4 g6 2. d4 Bg7 3. Nc3 c5 4. Nf3 cxd4 5. Nxd4 a6 6. a4 b6 7. Bc4 Qc7 8. Bb3 Nf6 9. O-O Bb7 10. f3 Nc6 11. Be3 O-O 12. Qd2 Rfd8 13. Qf2 Na5 14. Nde2 Nxb3 15. cxb3 Rdc8 16. Bxb6 Qb8 17. Rfd1 d6 18. Nf4 e6 19. g3 Nd7 20. Be3 Bc6 21. Qc2 Ne5 22. Kg2 Qb7 23. Rxd6 Nxf3 24. Kxf3 Bxc3 25. bxc3 f5 26. Rxe6 Bxe4+ 27. Rxe4 fxe4+ 28. Kf2 g5 29. Nh3 Qf7+ 30. Kg1 Qf3 31. Qd2 Rd8 32. Bd4 h6 33. Rf1 Qh5 34. Nf2 Re8 35. Qe3 Re6 36. Nd1 Rae8 37. c4 Qg6 38. Nc3 Rf8 39. Rxf8+ Kxf8 40. Nd5 h5 41. Qf2+ Qf7 42. Qxf7+ Kxf7 43. Kf2 Kg6 44. Ke3 Kf5 45. h3 g4 46. h4 Re8 47. b4 Rb8 48. Nb6 Rb7 49. c5 a5 50. b5 1-0

[Event "CAN-op (Pinnacle 48th CAN Op Ch)"]
[Site "Toronto CAN"]
[Date "2011.07.14"]
[Round "6"]
[White "Castle, Larry"]
[Black "Bellissimo, Joseph"]
[Result "1-0"]
[WhiteElo "1724"]
[BlackElo "1977"]
[PlyCount "65"]
[GameId "2160767909707297"]
[EventDate "2011.07.09"]
[EventType "swiss"]
[EventRounds "9"]
[EventCountry "CAN"]
[SourceTitle "EXT 2022"]
[Source "ChessBase"]
[SourceDate "2021.10.06"]
[SourceVersion "1"]
[SourceVersionDate "2021.10.06"]
[SourceQuality "1"]

1. d4 Nf6 2. f3 d5 3. e4 dxe4 4. Nc3 exf3 5. Nxf3 e6 6. Bg5 Be7 7. Bd3 b6 8. Qe2 Bb7 9. O-O-O Nd5 10. Bxe7 Nxc3 11. bxc3 Qxe7 12. Ne5 Qg5+ 13. Kb1 O-O 14. h4 Qe7 15. Rhf1 Nd7 16. Qh5 h6 17. Nxd7 Qxd7 18. g4 Qd5 19. g5 Rad8 20. Rf6 Qg2 21. Rf4 Qd5 22. Rg1 Qa5 23. Rf6 Qxc3 24. Rxh6 Qb4+ 25. Kc1 Qa3+ 26. Kd2 Qb4+ 27. c3 Qb2+ 28. Ke3 gxh6 29. Qxh6 Be4 30. Bxe4 Qxc3+ 31. Ke2 Qc4+ 32. Bd3 Qxa2+ 33. Ke3 1-0

[Event "CAN-op (Pinnacle 48th CAN Op Ch)"]
[Site "Toronto CAN"]
[Date "2011.07.14"]
[Round "6"]
[White "Chan, James"]
[Black "McTavish, Dale"]
[Result "1/2-1/2"]
[WhiteElo "2022"]
[BlackElo "2205"]
[PlyCount "100"]
[GameId "2160767909707298"]
[EventDate "2011.07.09"]
[EventType "swiss"]
[EventRounds "9"]
[EventCountry "CAN"]
[SourceTitle "hb 2011"]

1. e4 c5 2. Nf3 d6 3. d4 cxd4 4. Nxd4 Nf6 5. Nc3 Nc6 6. Bg5 Bd7 7. Qd2 a6 8. O-O-O e6 9. f3 Be7 10. g4 Qc7 11. Kb1 h5 12. gxh5 Rxh5 13. h4 O-O-O 14. Qf2 Kb8 15. Nb3 Be8 16. Be2 Rc8 17. Be3 Nd7 18. f4 Rh8 19. h5 Na5 20. Rc1 Nc4 21. Bd4 Bf6 22. Bxf6 Nxf6 23. e5 dxe5 24. Bxc4 Qxc4 25. fxe5 Nxh5 26. Rh4 Qc7 27. Qe3 g6 28. Nd2 b5 29. a4 Qc5 30. Rd4 Ng7 31. Nb3 Qb6 32. a5 Qa7 33. Qd2 Nf5 34. Rd8 Bc6 35. Rxh8 Rxh8 36. Qg5 Rc8 37. Rd1 Qe7 38. Qg1 Bb7 39. Rd2 Qc7 40. Qe1 Qc6 41. Qf2 Qf3 42. Qb6 Qe3 43. Rd7 Qxb6 44. axb6 Rc6 45. Ne4 Rxb6 46. Nec5 Bc8 47. Rxf7 Rc6 48. Rf6 Ne7 49. Rf7 Nd5 50. Rg7 Nf4 1/2-1/2

[Event "CAN-op (Pinnacle 48th CAN Op Ch)"]
[Site "Toronto CAN"]
[Date "2011.07.14"]
[Round "6"]
[White "Cohen, Lawrence S"]
[Black "Kalaydina, Regina Veronicka"]
[Result "1/2-1/2"]
[WhiteElo "1993"]
[BlackElo "1890"]
[PlyCount "66"]
[GameId "2160767909707301"]
[EventDate "2011.07.09"]
[EventType "swiss"]
[EventRounds "9"]
[EventCountry "CAN"]
[SourceTitle "EXT 2022"]
[Source "ChessBase"]
[SourceDate "2021.10.06"]
[SourceVersion "1"]
[SourceVersionDate "2021.10.06"]
[SourceQuality "1"]

1. c4 c5 2. Nc3 Nf6 3. g3 d5 4. cxd5 Nxd5 5. Bg2 Nc7 6. Nf3 Nc6 7. O-O e5 8. d3 Be7 9. b3 O-O 10. Bb2 Be6 11. Rc1 f6 12. Nd2 Qd7 13. Na4 Na6 14. Ne4 b6 15. a3 Rac8 16. Nd2 Nd4 17. Nc3 Nb8 18. Re1 Nbc6 19. e3 Nf5 20. Bf1 Rfd8 21. Nce4 Nd6 22. Nxd6 Bxd6 23. Nc4 Bf8 24. Bc3 Qf7 25. Qc2 b5 26. Nd2 Nb4 27. Qb1 Nc6 28. Red1 Bg4 29. f3 Bf5 30. Be2 a6 31. Kg2 c4 32. bxc4 Bxa3 33. Bb2 Bxb2 1/2-1/2

[Event "CAN-op (Pinnacle 48th CAN Op Ch)"]
[Site "Toronto CAN"]
[Date "2011.07.14"]
[Round "6"]
[White "Derraugh, Geordie"]
[Black "Henry, Liam"]
[Result "0-1"]
[WhiteElo "2140"]
[BlackElo "2290"]
[PlyCount "72"]
[GameId "2160767909707304"]
[EventDate "2011.07.09"]
[EventType "swiss"]
[EventRounds "9"]
[EventCountry "CAN"]

1. e4 c5 2. c3 Nf6 3. e5 Nd5 4. d4 cxd4 5. Nf3 Nc6 6. cxd4 d6 7. exd6 Qxd6 8. Nc3 Bg4 9. Be2 e6 10. O-O Be7 11. a3 O-O 12. Ne4 Qc7 13. Be3 Rfd8 14. Rc1 Qb6 15. Qd2 Bxf3 16. Bxf3 Nxe3 17. fxe3 e5 18. d5 f5 19. Nf2 e4 20. Nxe4 fxe4 21. Bxe4 Ne5 22. Bf5 Bg5 23. Rfe1 g6 24. Bh3 Rd6 25. Be6+ Kh8 26. Kh1 Rad8 27. Qc3 Bf6 28. Rf1 Bg7 29. Qc7 Qxe3 30. Qe7 Nd3 31. Rc2 Rxd5 32. h3 Nc5 33. Rcf2 Qxe6 34. Rf8+ Rxf8 35. Rxf8+ Bxf8 36. Qxf8+ Qg8 0-1

[Event "CAN-op (Pinnacle 48th CAN Op Ch)"]
[Site "Toronto CAN"]
[Date "2011.07.14"]
[Round "6"]
[White "Fan, Brendan"]
[Black "Krupka, David"]
[Result "1-0"]
[WhiteElo "2097"]
[BlackElo "2019"]
[PlyCount "81"]
[GameId "2160767909707306"]
[EventDate "2011.07.09"]
[EventType "swiss"]
[EventRounds "9"]
[EventCountry "CAN"]
[SourceTitle "hb 2011"]

1. e4 c6 2. d4 d5 3. f3 e6 4. Nc3 Nf6 5. Be3 Qb6 6. Qc1 Bb4 7. Bd3 c5 8. dxc5 Bxc5 9. Bxc5 Qxc5 10. Qg5 Kf8 11. exd5 h6 12. Qf4 Nxd5 13. Nxd5 Qxd5 14. Qb4+ Kg8 15. Qe7 g6 16. Be4 Qa5+ 17. b4 Qg5 18. Qxg5 hxg5 19. O-O-O f5 20. Rd8+ Kg7 21. Rxc8 Rxc8 22. Bxb7 Nc6 23. Bxa8 Rxa8 24. c3 Rc8 25. Kb2 Rd8 26. Kc2 Kf6 27. Ne2 Rc8 28. a3 e5 29. Rd1 Ke6 30. Kb3 Ne7 31. c4 a6 32. a4 g4 33. fxg4 f4 34. Nc3 Nc6 35. c5 Nd4+ 36. Kc4 Ke7 37. Nd5+ Ke6 38. Nxf4+ Kf7 39. Nd3 Nc2 40. Kc3 Ne3 41. Re1 1-0

[Event "CAN-op (Pinnacle 48th CAN Op Ch)"]
[Site "Toronto CAN"]
[Date "2011.07.14"]
[Round "6"]
[White "Fiedler, Brian"]
[Black "Strugach, Leonid"]
[Result "1/2-1/2"]
[WhiteElo "2123"]
[BlackElo "2324"]
[PlyCount "59"]
[GameId "2160767909707309"]
[EventDate "2011.07.09"]
[EventType "swiss"]
[EventRounds "9"]
[EventCountry "CAN"]
[SourceTitle "hb 2011"]

1. Nf3 Nf6 2. c4 e6 3. g3 d5 4. d4 Bb4+ 5. Bd2 Be7 6. Bg2 O-O 7. O-O dxc4 8. Qa4 c5 9. dxc5 Nbd7 10. Qxc4 Bxc5 11. Nc3 a6 12. a4 Qb6 13. Rab1 Qc7 14. Qa2 b5 15. Bf4 Qb6 16. axb5 Bb7 17. Qb3 Bd5 18. Nxd5 Nxd5 19. Rbc1 Nxf4 20. gxf4 Rac8 21. e3 axb5 22. Rfd1 Nf6 23. Ne5 Rfd8 24. h3 Rxd1+ 25. Rxd1 Bf8 26. Bf3 g6 27. Kg2 h5 28. Qd3 Kg7 29. Qb3 Rc5 30. Nd7 1/2-1/2

[Event "CAN-op (Pinnacle 48th CAN Op Ch)"]
[Site "Toronto CAN"]
[Date "2011.07.14"]
[Round "6"]
[White "Finlay, Ian"]
[Black "Zotkin, Daniel"]
[Result "1-0"]
[WhiteElo "1984"]
[BlackElo "1598"]
[PlyCount "65"]
[GameId "2160767909707310"]
[EventDate "2011.07.09"]
[EventType "swiss"]
[EventRounds "9"]
[EventCountry "CAN"]
[SourceTitle "EXT 2022"]
[Source "ChessBase"]
[SourceDate "2021.10.06"]
[SourceVersion "1"]
[SourceVersionDate "2021.10.06"]
[SourceQuality "1"]

1. e4 c5 2. Nf3 Nc6 3. d3 g6 4. g3 Bg7 5. Bg2 Nf6 6. O-O d5 7. Nbd2 O-O 8. h3 e6 9. c3 b6 10. Re1 Bb7 11. e5 Nd7 12. d4 cxd4 13. cxd4 Rc8 14. Nf1 Nb4 15. Bg5 Qe8 16. Re2 Ba6 17. Rd2 h6 18. Be3 Bxf1 19. Bxf1 Qe7 20. a3 Nc6 21. Rc1 Na5 22. Rdc2 Rxc2 23. Qxc2 f5 24. b4 Nb7 25. Qc7 Nd8 26. Bb5 Rf7 27. Qc8 Kh7 28. Rc7 Qe8 29. Bxd7 Qf8 30. Bb5 Rxc7 31. Qxc7 g5 32. Bd3 Kh8 33. Qxa7 1-0

[Event "CAN-op (Pinnacle 48th CAN Op Ch)"]
[Site "Toronto CAN"]
[Date "2011.07.14"]
[Round "6"]
[White "Gulati, Ashish"]
[Black "Cao, Jason"]
[Result "1/2-1/2"]
[WhiteElo "2210"]
[BlackElo "1908"]
[PlyCount "88"]
[GameId "2160767909707312"]
[EventDate "2011.07.09"]
[EventType "swiss"]
[EventRounds "9"]
[EventCountry "CAN"]
[SourceTitle "EXT 2022"]
[Source "ChessBase"]
[SourceDate "2021.10.06"]
[SourceVersion "1"]
[SourceVersionDate "2021.10.06"]
[SourceQuality "1"]

1. e4 c5 2. Nc3 Nc6 3. g3 g6 4. Bg2 Bg7 5. d3 d6 6. Be3 e6 7. Qd2 Nge7 8. f4 O-O 9. Nf3 Nd4 10. O-O Rb8 11. Nd1 b5 12. Nh4 b4 13. c3 bxc3 14. bxc3 Nb5 15. Rb1 Bd7 16. a4 Nc7 17. Nb2 Na6 18. Qc2 d5 19. e5 Qc7 20. Qf2 Rb3 21. d4 c4 22. Rbc1 Qa5 23. g4 Rfb8 24. Nd1 Nc7 25. f5 gxf5 26. gxf5 Nxf5 27. Nxf5 exf5 28. Bh3 Qa6 29. Kh1 Qe6 30. Qh4 Qc6 31. Rc2 Rb1 32. Rg2 Ne8 33. Rfg1 R8b6 34. Bg5 Qxa4 35. Bf6 Rxd1 36. Rxg7+ Nxg7 37. Qg5 Rxg1+ 38. Qxg1 Rb1 39. Qxb1 Qa3 40. Qb8+ Ne8 41. Bxf5 Qc1+ 42. Kg2 Qd2+ 43. Kg1 Qe3+ 44. Kg2 Qe2+ 1/2-1/2

[Event "CAN-op (Pinnacle 48th CAN Op Ch)"]
[Site "Toronto CAN"]
[Date "2011.07.14"]
[Round "6"]
[White "Humphreys, Michael"]
[Black "Sapozhnikov, Roman"]
[Result "0-1"]
[WhiteElo "2111"]
[BlackElo "2295"]
[PlyCount "92"]
[GameId "2160767909707314"]
[EventDate "2011.07.09"]
[EventType "swiss"]
[EventRounds "9"]
[EventCountry "CAN"]
[SourceTitle "CBM 143 Extra"]
[Source "ChessBase"]
[SourceDate "2011.08.29"]
[SourceVersion "1"]
[SourceVersionDate "2011.08.29"]
[SourceQuality "1"]

1. Nf3 Nf6 2. c4 e6 3. g3 d5 4. Bg2 Be7 5. O-O O-O 6. d4 dxc4 7. Qc2 b5 8. a4 b4 9. Nfd2 b3 10. Qxc4 Ba6 11. Qxb3 Nd5 12. Nc3 c6 13. Re1 Nd7 14. Na2 c5 15. e4 Rb8 16. Qc2 N5b6 17. d5 Ne5 18. Nc3 Nd3 19. Re3 Nb4 20. Qd1 exd5 21. exd5 Bg5 22. f4 Bf6 23. Nb3 Bd4 24. Kh1 Bxe3 25. Bxe3 Re8 26. Bxc5 Nd3 27. Bd4 Re1+ 28. Qxe1 Nxe1 29. Rxe1 Nd7 30. Nc5 Nxc5 31. Bxc5 Rxb2 32. Ne4 Rxg2 33. Kxg2 Qxd5 34. Kg1 f5 35. Nf6+ gxf6 36. Re8+ Kf7 37. Re7+ Kg6 38. Bf2 Bb7 39. Kf1 Qd1+ 40. Re1 Qxa4 41. h4 Kh5 42. Re7 Qd1+ 43. Be1 Qd3+ 44. Kg1 Qf3 45. g4+ Qxg4+ 46. Kf2 Qf3+ 0-1

[Event "CAN-op (Pinnacle 48th CAN Op Ch)"]
[Site "Toronto CAN"]
[Date "2011.07.14"]
[Round "6"]
[White "Ibrahim, Ismail"]
[Black "Botez, Alexandra"]
[Result "0-1"]
[WhiteElo "2158"]
[BlackElo "1950"]
[PlyCount "84"]
[GameId "2160767909707315"]
[EventDate "2011.07.09"]
[EventType "swiss"]
[EventRounds "9"]
[EventCountry "CAN"]
[SourceTitle "CBM 143 Extra"]
[Source "ChessBase"]
[SourceDate "2011.08.29"]
[SourceVersion "1"]
[SourceVersionDate "2011.08.29"]
[SourceQuality "1"]

1. e4 c5 2. Nc3 Nc6 3. g3 g6 4. Bg2 d6 5. d3 Bg7 6. Be3 e5 7. f4 Nge7 8. Nf3 O-O 9. Qd2 f5 10. h4 h5 11. Ng5 Nd4 12. Nd1 Rb8 13. c3 Ne6 14. Bf3 exf4 15. gxf4 Nxg5 16. hxg5 b5 17. Qe2 Qe8 18. Nf2 Bb7 19. Rh4 c4 20. Bxa7 Ra8 21. Bd4 cxd3 22. Nxd3 Bxd4 23. cxd4 fxe4 24. Bxh5 exd3 25. Qe6+ Kg7 26. Bg4 Bd5 27. Qd7 Qxd7 28. Bxd7 Nf5 29. Bxf5 Rxf5 30. Kd2 Rxa2 31. Rxa2 Bxa2 32. Kxd3 Bc4+ 33. Ke3 Rf8 34. Kd2 Re8 35. Kc3 Re3+ 36. Kc2 b4 37. f5 gxf5 38. d5 Re4 39. Rh6 Bxd5 40. Rxd6 Bf7 41. Rf6 Rg4 42. Rb6 b3+ 0-1